000 00553nam a2200181Ia 4500
008 240729s9999 xx 000 0 und d
022 _a1998-4049
245 4 _aThe Saudi Journal of Gastroenterology
260 _aIndia
260 _bWolters Kluwer Medknow Publications
650 _a Diseases of the digestive system. Gastroenterology
650 _a Internal medicine
650 _a Specialties of internal medicine
650 _aMedicine
856 _uhttps://doaj.org/toc/f75ed2103c10421fa454ec4cf679d6eb
942 _2ddc
942 _cDOAJEJ
999 _c70293
_d70293
945 _a1
_bMadushi Gamage
_c1
_dMadushi Gamage